000 00295nam a22001337a 4500
008 170828b xxu||||| |||| 00| 0 eng d
020 _a9780736772778
041 _aeng
080 _a070
100 _a39
101 _aMED
245 _aWRIETRS FOR STRATEGIES
_cBOVERS.R
942 _2udc
_cBK
999 _c25154
_d25154